Daňové "abc" Príjmy z inej samostatnej zárobkovej činnosti podľa par.7 ods.2 písm. a) zákona č.286/1992 Zb. o daniach z príjmov

Dve skupiny príjmov z inej zárobkovej činnosti: 1. odmeny za vynálezy, priemyselné vzory, patenty, 2. príjmy charakteru autorských odmien alebo honorárov. Zdaňovanie týchto príjmov. Ktoré príjmy sa nezahrnú do daňového priznania. Povinnosť podať daňové priznanie.

Gespeichert in:
Bibliographische Detailangaben
1. Verfasser: Piršelová, Dagmar
Format: Buchkapitel
Sprache:Slowakisch
Schlagworte:
Tags: Tag hinzufügen
Keine Tags, Fügen Sie das erste Tag hinzu!

MARC

LEADER 00000naa a2200000 4500
001 r024323
005 20221213113735.3
041 0 |a slo 
044 |a SK 
245 1 0 |a Daňové "abc"  |b Príjmy z inej samostatnej zárobkovej činnosti podľa par.7 ods.2 písm. a) zákona č.286/1992 Zb. o daniach z príjmov  |c Dagmar Piršelová 
520 |a Dve skupiny príjmov z inej zárobkovej činnosti: 1. odmeny za vynálezy, priemyselné vzory, patenty, 2. príjmy charakteru autorských odmien alebo honorárov. Zdaňovanie týchto príjmov. Ktoré príjmy sa nezahrnú do daňového priznania. Povinnosť podať daňové priznanie. 
610 2 0 |a dane z príjmov 
610 2 0 |a odmeny 
610 2 0 |a honoráre 
610 2 0 |a priznania daňové 
610 2 0 |a zákony 
610 2 0 |a Slovensko 
610 2 0 |a 1994 
100 1 |a Piršelová, Dagmar